Estado de la democracia en Venezuela Bolivia y Ecuador /
El autor estudia los escenarios de la democracia, considerando sus semejanzas y diferencias, en tres países de américa del sur, que suelen ser considerados aquellos donde se han presentado con mayor fuerza fuerza y profundidad los procesos de cambio enmarcados en el viraje antineoliberal materializa...
Tallennettuna:
| Päätekijä: | |
|---|---|
| Aineistotyyppi: | Teksti |
| Aiheet: | |
| Tagit: |
Lisää tagi
Ei tageja, Lisää ensimmäinen tagi!
|
MARC
| LEADER | 00000 a a2200000 04500 | ||
|---|---|---|---|
| 001 | 45141 | ||
| 003 | |||
| 040 | |||
| 090 | |a REV1496 12(30) 2012 | ||
| 100 | |a Stefani, Pablo | ||
| 245 | |a Estado de la democracia en Venezuela Bolivia y Ecuador / |c Pablo Stefoni | ||
| 520 | |a El autor estudia los escenarios de la democracia, considerando sus semejanzas y diferencias, en tres países de américa del sur, que suelen ser considerados aquellos donde se han presentado con mayor fuerza fuerza y profundidad los procesos de cambio enmarcados en el viraje antineoliberal materializados en los "gobiernos progresistas" surgidos a los largo de la última década:: Bolivia, Ecuador y Venezuela. | ||
| 590 | |a RRH/AGOSTO2013 | ||
| 650 | |a 1.NEOLIBERALISMO | ||
| 650 | |a 2.CAMBIO SOCIAL | ||
| 650 | |a 3.REVOLUCION | ||
| 650 | |a 4.DEMOCRACIA | ||
| 650 | |a 5.PARTICIPACION POLITICA | ||
| 650 | |a 6.CIUDADANIA | ||
| 650 | |a 7.MARCO INSTITUCIONAL | ||
| 773 | |g volumen12, número30 ( , 2011), 79-110 | ||
| 999 | |c 29393 |d 29393 | ||
